| Tag |
First Indicator |
Second Indicator |
Subfields |
| LEADER |
00000cam a2200000 i 4500 |
| 001 |
in00003860421 |
| 005 |
20210514091723.0 |
| 006 |
m o d f |
| 007 |
cr b|||||a|||| |
| 008 |
170214s2017 dcua ob f000 0 eng c |
| 035 |
|
|
|a (OCoLC)ocn972481074
|
| 042 |
|
|
|a pcc
|
| 043 |
|
|
|a n-us---
|
| 040 |
|
|
|a GPO
|b eng
|e rda
|e pn
|c GPO
|d MERUC
|d GPO
|d AZP
|d CWCLL
|d GPO
|d MvI
|
| 049 |
|
|
|a WWW
|
| 050 |
1 |
4 |
|a KF27
|b .P89627 2016b
|
| 074 |
|
|
|a 1024-C-01 (online)
|
| 086 |
0 |
|
|a Y 4.T 68/2:114-44
|
| 110 |
1 |
|
|a United States.
|b Congress.
|b House.
|b Committee on Transportation and Infrastructure.
|b Subcommittee on Coast Guard and Maritime Transportation,
|e author.
|
| 245 |
1 |
0 |
|a Coast Guard mission needs and resources allocation :
|b hearing before the Subcommittee on Coast Guard and Maritime Transportation of the Committee on Transportation and Infrastructure, House of Representatives, One Hundred Fourteenth Congress, second session, June 14, 2016.
|
| 264 |
|
1 |
|a Washington :
|b U.S. Government Publishing Office,
|c 2017.
|
| 300 |
|
|
|a 1 online resource (xiii, 80 pages) :
|b illustrations
|
| 336 |
|
|
|a text
|b txt
|2 rdacontent
|
| 337 |
|
|
|a computer
|b c
|2 rdamedia
|
| 338 |
|
|
|a online resource
|b cr
|2 rdacarrier
|
| 500 |
|
|
|a "114-44."
|
| 504 |
|
|
|a Includes bibliographical references.
|
| 500 |
|
|
|a Print version is available for sale by the Superintendent of Documents, U.S. Government Publishing Office.
|
| 588 |
|
|
|a Description based on online resource; title from PDF title page (GPO, viewed Feb. 14, 2017).
|
| 610 |
1 |
0 |
|a United States.
|b Coast Guard
|x Operational readiness
|x Evaluation.
|
| 610 |
1 |
0 |
|a United States.
|b Coast Guard
|x Appropriations and expenditures.
|
| 610 |
1 |
0 |
|a United States.
|b Coast Guard
|x Equipment and supplies.
|
| 650 |
|
0 |
|a Resource allocation
|z United States.
|
| 650 |
|
0 |
|a Border security
|z United States
|x Equipment and supplies
|x Finance.
|
| 655 |
|
7 |
|a Legislative hearings.
|2 lcgft
|
| 776 |
0 |
8 |
|i Print version:
|a United States. Congress. House. Committee on Transportation and Infrastructure. Subcommittee on Coast Guard and Maritime Transportation.
|t Coast Guard mission needs and resources allocation
|w (OCoLC)976410794
|
| 776 |
0 |
8 |
|i Microfiche version:
|a United States. Congress. House. Committee on Transportation and Infrastructure. Subcommittee on Coast Guard and Maritime Transportation.
|t Coast Guard mission needs and resources allocation
|w (OCoLC)1003531536
|
| 856 |
4 |
0 |
|u https://purl.fdlp.gov/GPO/gpo77657
|t 0
|
| 856 |
4 |
0 |
|u http://purl.fdlp.gov/GPO/gpo77657
|t 0
|
| 999 |
f |
f |
|s 0ea69226-9df7-3df0-a733-5485535556c6
|i 899c0af6-0197-3d6f-a90f-c9648f37122a
|t 0
|
| 952 |
f |
f |
|a Texas A&M University
|b College Station
|c Electronic Resources
|d Available Online
|t 0
|e Y 4.T 68/2:114-44
|h Superintendent of Documents classification
|
| 998 |
f |
f |
|a Y 4.T 68/2:114-44
|t 0
|l Available Online
|